<?xml version="1.0" encoding="UTF-8"?>
<record
    xmlns:xsi="http://www.w3.org/2001/XMLSchema-instance"
    xsi:schemaLocation="http://www.loc.gov/MARC21/slim http://www.loc.gov/standards/marcxml/schema/MARC21slim.xsd"
    xmlns="http://www.loc.gov/MARC21/slim">

  <leader>03527nam a2200349 a 4500</leader>
  <controlfield tag="003">OSt</controlfield>
  <controlfield tag="005">20250913062745.0</controlfield>
  <controlfield tag="007">cr ||||||a|c|a</controlfield>
  <controlfield tag="008">240829s2024    mx a|||fom||| 001 0 spa d</controlfield>
  <datafield tag="040" ind1=" " ind2=" ">
    <subfield code="e">rda</subfield>
  </datafield>
  <datafield tag="100" ind1="1" ind2=" ">
    <subfield code="a">L&#xF3;pez S&#xE1;nchez, Juan Manuel</subfield>
    <subfield code="9">189499</subfield>
  </datafield>
  <datafield tag="245" ind1="1" ind2="0">
    <subfield code="a">Caracterizaci&#xF3;n del espacio poroso del suelo bajo distintos sistemas de laboreo, en El Valle del Ebro /</subfield>
    <subfield code="c">por Juan Manuel L&#xF3;pez S&#xE1;nchez; director de tesis Gilberto de Jes&#xFA;s L&#xF3;pez Cante&#xF1;s; secretario Noel Ch&#xE1;vez Aguilera; vocal Jos&#xE9; Guadalupe Gayt&#xE1;n Ruelas; suplente Francisco Mu&#xF1;oz G&#xF3;mez; suplente Carlos Alberto Villase&#xF1;or Perea.</subfield>
  </datafield>
  <datafield tag="264" ind1=" " ind2="1">
    <subfield code="a">Chapingo, M&#xE9;xico :</subfield>
    <subfield code="b">El autor,</subfield>
    <subfield code="c">2024.</subfield>
  </datafield>
  <datafield tag="300" ind1=" " ind2=" ">
    <subfield code="a">1 recurso en l&#xED;nea (61 p&#xE1;ginas):</subfield>
    <subfield code="b">cuadros, figuras.</subfield>
  </datafield>
  <datafield tag="336" ind1=" " ind2=" ">
    <subfield code="2">rdacontent</subfield>
    <subfield code="a">texto</subfield>
    <subfield code="b">txt</subfield>
  </datafield>
  <datafield tag="337" ind1=" " ind2=" ">
    <subfield code="2">rdamedia</subfield>
    <subfield code="a">computadora</subfield>
    <subfield code="b">c</subfield>
  </datafield>
  <datafield tag="338" ind1=" " ind2=" ">
    <subfield code="2">rdacarrier</subfield>
    <subfield code="a">recurso en l&#xED;nea</subfield>
    <subfield code="b">cr</subfield>
  </datafield>
  <datafield tag="502" ind1=" " ind2=" ">
    <subfield code="b">IMAg</subfield>
    <subfield code="c">Mec&#xE1;nica</subfield>
    <subfield code="d">2024.</subfield>
    <subfield code="g">LIC</subfield>
  </datafield>
  <datafield tag="504" ind1=" " ind2=" ">
    <subfield code="a">Incluye referencias bibliogr&#xE1;ficas: p&#xE1;ginas 48-51.</subfield>
  </datafield>
  <datafield tag="520" ind1=" " ind2=" ">
    <subfield code="a">Las propiedades hidr&#xE1;ulicas del suelo y la continuidad de los poros del suelo son par&#xE1;metros importantes para indicar la calidad de los suelos, las cuales pueden variar dependiendo del sistema de labranza implementado y la posici&#xF3;n respecto de la hilera del cultivo. El objetivo del presente estudio fue determinar el impacto en las propiedades hidr&#xE1;ulicas del suelo agr&#xED;cola y la caracter&#xED;stica de sus poros provocado por diversos sistemas de labranza, en una zona de secano con clima Mediterr&#xE1;neo continental templado, de un campo experimental de S&#xE9;nes de Alcubierre, al NE de Espa&#xF1;a. Se utilizaron muestras de suelo no perturbadas para la determinaci&#xF3;n de las curvas de retenci&#xF3;n de agua en el suelo, &#x3B8;(&#x3A8;), y la conductividad hidr&#xE1;ulica, K(&#x3A8;), en dos sistemas de labranza (labranza intensiva, IT vs labranza cero, NT) y dos posiciones (dentro de la hilera del cultivo, W-row vs entre hileras del cultivo, B-row). Los resultados mostraron que IT tuvo una mayor conductividad hidr&#xE1;ulica, K, que NT a mayor potencial matricial, &#x3A8; (&#x2265; -10 cm H2O), pero no hubo diferencias significativas a menor &#x3A8;. IT mostro un volumen mayor de poros que NT en la clase de tama&#xF1;os de poros de 1000-300 y 300-60 &#x3BC;m, en cambio, en la clase porosa &lt;3 &#x3BC;m, NT mostro un volumen mayor que IT. Se obtuvo una conductividad espec&#xED;fica alta, Ksp, mayor para IT en comparaci&#xF3;n con NT, observ&#xE1;ndose que los poros de mayor tama&#xF1;o &gt;3000 &#x3BC;m son los que mejor conducen, IT mostro una mejor continuidad de los poros que NT. La posici&#xF3;n W-row tuvo una Ksp significativamente mayor para la clase porosa &gt;3000 &#x3BC;m que la posici&#xF3;n B-row. Este estudio demuestra que la labranza favorece a una mayor conductividad hidr&#xE1;ulica en comparaci&#xF3;n con la siembra directa; sin embargo, la labranza cero favorece la retenci&#xF3;n y almacenamiento de agua en el suelo.</subfield>
  </datafield>
  <datafield tag="650" ind1=" " ind2="4">
    <subfield code="a">Conductividad hidr&#xE1;ulica</subfield>
    <subfield code="9">26345</subfield>
  </datafield>
  <datafield tag="650" ind1=" " ind2="4">
    <subfield code="a">Suelos</subfield>
    <subfield code="x">Humedad</subfield>
    <subfield code="9">110391</subfield>
  </datafield>
  <datafield tag="650" ind1=" " ind2="7">
    <subfield code="a">Labranza</subfield>
    <subfield code="x">Efecto en suelos</subfield>
    <subfield code="2"></subfield>
    <subfield code="9">64305</subfield>
  </datafield>
  <datafield tag="650" ind1=" " ind2="4">
    <subfield code="a">Agricultura de conservaci&#xF3;n</subfield>
    <subfield code="9">164946</subfield>
  </datafield>
  <datafield tag="700" ind1="1" ind2=" ">
    <subfield code="a">L&#xF3;pez Cante&#xF1;s, Gilberto de Jes&#xFA;s</subfield>
    <subfield code="9">67746</subfield>
    <subfield code="e">Director de tesis.</subfield>
  </datafield>
  <datafield tag="700" ind1="1" ind2=" ">
    <subfield code="a">Ch&#xE1;vez Aguilera, Noel</subfield>
    <subfield code="9">22656</subfield>
    <subfield code="e">Secretario.</subfield>
  </datafield>
  <datafield tag="700" ind1="1" ind2=" ">
    <subfield code="a">Gayt&#xE1;n Ruelas, Jos&#xE9; Guadalupe</subfield>
    <subfield code="e">Vocal.</subfield>
    <subfield code="9">47360</subfield>
  </datafield>
  <datafield tag="700" ind1="1" ind2=" ">
    <subfield code="a">Mu&#xF1;oz G&#xF3;mez, Francisco</subfield>
    <subfield code="9">79600</subfield>
    <subfield code="e">Suplente.</subfield>
  </datafield>
  <datafield tag="700" ind1="1" ind2=" ">
    <subfield code="a">Villase&#xF1;or Perea, Carlos Alberto</subfield>
    <subfield code="e">Suplente.</subfield>
    <subfield code="9">119699</subfield>
  </datafield>
  <datafield tag="856" ind1=" " ind2=" ">
    <subfield code="u">http://10.13.5.2/tesis/tl/1511392-2_LOPEZ_SANCHEZ_JUANMANUEL.pdf</subfield>
    <subfield code="z">DESCARGAR PDF</subfield>
  </datafield>
  <datafield tag="942" ind1=" " ind2=" ">
    <subfield code="2">Clasificaci&#xF3;n Universidad Aut&#xF3;noma Chapingo</subfield>
    <subfield code="c">TD</subfield>
  </datafield>
  <datafield tag="999" ind1=" " ind2=" ">
    <subfield code="c">220120</subfield>
    <subfield code="d">220120</subfield>
  </datafield>
  <datafield tag="952" ind1=" " ind2=" ">
    <subfield code="0">0</subfield>
    <subfield code="1">0</subfield>
    <subfield code="2">local</subfield>
    <subfield code="4">0</subfield>
    <subfield code="5">1</subfield>
    <subfield code="7">0</subfield>
    <subfield code="8">TesDigL</subfield>
    <subfield code="a">BD</subfield>
    <subfield code="b">BD</subfield>
    <subfield code="c">E_L</subfield>
    <subfield code="d">2024-08-29</subfield>
    <subfield code="l">0</subfield>
    <subfield code="o">Tesis digital</subfield>
    <subfield code="r">2024-08-29 12:40:48</subfield>
    <subfield code="w">2024-08-29</subfield>
    <subfield code="y">TD</subfield>
  </datafield>
</record>
